000
00314nam a22001457a 4500
008
240206b ||||| |||| 00| 0 eng d
020
_a
9780307887894
041
_a
eng
080
_2
2011
_a
33
082
_a
33
100
_a
24
101
_a
BIZNES
245
_a
THE LEAN STARTUP
_c
ERIC RIES
942
_2
udc
_c
BK
999
_c
60585
_d
60585